Near real-time detection of occurrence of drought stress in natural rubber plantations using MODIS Terra satellite data (Record no. 49497)

MARC details
000 -LEADER
fixed length control field 00661nam a2200133Ia 4500
100 ## - MAIN ENTRY--AUTHOR NAME
Personal name Pradeep B
245 #0 - TITLE STATEMENT
Title Near real-time detection of occurrence of drought stress in natural rubber plantations using MODIS Terra satellite data
260 ## - PUBLICATION, DISTRIBUTION, ETC. (IMPRINT)
Name of publisher International Rubber Conference 2016: Sustainability of the NR Industry: Issues, Challenges & Opportunities, 21-22 November 2016, Cambodian Rubber Research Institute (CRRI) and International Rubber Research and Development Board (IRRDB), Siem Reap, Cambodia
650 ## - SUBJECT ADDED ENTRY--TOPICAL TERM
Topical Term Drought stress
650 ## - SUBJECT ADDED ENTRY--TOPICAL TERM
Topical Term MODIS Terra Satellite data
700 ## - ADDED ENTRY--PERSONAL NAME
Personal name Jacob J
942 ## - ADDED ENTRY ELEMENTS (KOHA)
Koha item type Bibliography STAF
Holdings
Withdrawn status Lost status Damaged status Not for loan Home library Current library Shelving location Date acquired Koha item type
      Bibliography RRII Library RRII Library Climate change 01/01/2021 Bibliography STAF